[Event "E Candidates Chess Tournament 2022"]
[Site "Madrid"]
[Date "2022.06.27"]
[Round "9"]
[White "Caruana, Fabiano"]
[Black "Nepomniachtchi, Ian"]
[Result "1/2-1/2"]
[WhiteElo "2783"]
[BlackElo "2766"]
[EventDate "2022.??.??"]
[Annotator "samsh"]
[PlyCount "80"]
[Beauty "6121402139658"]
[EventType "team-tourn"]
[EventCountry "ESP"]

1.e4 e5 $5 {A bold decision. In general, the Petroff is a very safe opening and the best choice Black has to try to keep solid and hopefully make a draw. Still, I might have chosen something else. Caruana played the Petroff himself some years back, at the 2018 World Chess Championship and had that level of preparation. Nepo did this too, of course, but I think Caruana did it better, and his Petroff has looked like the better prepared and better understood one over the years. Against any other opponent, I'd think the Petroff would be an obvious choice. Here, I don't know.} 2.Nf3 Nf6 3.Nxe5 d6 4.Nf3 Nxe4 5.d4 d5 6.Bd3 Bd6 7.O-O O-O 8.c4 c6 {All of this is today's modern mainline. In an earlier round, Rapport chose Qb3, which is more or less a known draw, though he went off the deep end and ended up losing. Caruana chose a more challenging move.} 9.Re1 Bf5 10.Qb3 Qd7 11.Nh4 $5 {The first new move of the game, and I think a very dangerous one in practice. Nepo had to know he would be walking into some kind of preparation, but one has to admire his confidence.} ( 11.Nc3 {This is the main move by far, as was played by Magnus in the match.} ) 11...Be6 {Nothing else makes any sense.} 12.Qc2 Na6 {This move looks obvious enough, but I actually think it becomes difficult to fix the knight later on once it is frozen in place with a3.} ( 12...f5 {It may have been better to bolster the e4-knight directly. For example, after} 13.Nc3 Bc7 $1 {Black is reasonably solid and can remain patient. I could easily imagine him setting up with …Qf7 and …Nbd7 in the coming moves. Of course, this is much easier to say with the machine running.} ) 13.a3 $1 {Of course.} 13...f5 14.cxd5 $1 cxd5 15.Nc3 {Caruana was still blitzing. The machine insists on equality, but I think Black is under some pressure to figure out how to fix his pieces.} 15...Rac8 ( 15...Nb8 $1 {The computer does not mind Rac8, but I do. This looks like a much easier way for Black to coordinate. Burning two tempi on …Nb8-a6-b8 is not ideal, but once White has taken on d5, the knight finally has a reasonable square on c6. I think Black looks okay enough.} ) 16.f3 {In my opinion, the hardest pieces of practical preparation to face are the ones where you have to sacrifice material. I think it's much easier if an opponent sacrifices a piece—you just calculate until you see a line that does not lose. But when the only way to equalize is to give material for long-term compensation... I almost never see a human get this right. The computer still insists Black is totally fine, but I think his task is more or less impossible in human terms.} 16...Be7 17.g3 Nd6 ( 17...Bf6 $1 {This was the way, but nobody would do it.} 18.fxe4 fxe4 $1 19.Bxa6 Bxd4+ 20.Be3 Bxe3+ 21.Rxe3 bxa6 {I would be surprised if Nepo did not calculate this far. But, to a human eye, it is not hard to imagine the position being completely lost. Black is a piece down, his pawns are not moving anywhere anytime soon, and it takes White like two moves to go Rd1, Rd4... and then you resign $2 The machine claims this is equal. In my opinion, it is more or less impossible for a human to go for this line with g3 on the board. Black now needs a bunch of only moves in a row that miraculously hold together.} 22.Rd1 Qf7 $1 23.Ree1 {Case in point. Black has exactly one move here to not lose immediately.} 23...Bg4 $1 24.Rd4 Qf6 $1 {And another only move $1} 25.Qd2 e3 $1 {And another $1} 26.Qxe3 Rce8 $1 {One more…} 27.Nxd5 Qxd4 $1 28.Qxd4 Rxe1+ {... And finally a draw. Absolutely no human being can play chess like this, and anyone who does should be immediately stripped for a wire. This was fantastic practical preparation from Caruana.} ) 18.Qa4 $1 Bf6 ( 18...Rc6 {This was a better try, but Black's position is very unpleasant after} 19.Bxa6 $1 Bxh4 20.gxh4 Rxa6 21.Qxd7 Bxd7 22.Bf4 $14 {White's bishop is so much better than his counterpart.} ) 19.Qxd7 Bxd7 20.Nxd5 Bxd4+ 21.Kg2 $1 {Be3 was fine too, but I prefer Caruana's choice. More pieces should remain on the board. Now, I've always believed that it is very rare for someone to be slightly better based on piece activity in a symmetrical pawn structure. It is almost always much better or very close to equal. Here, it is much better. Black is facing too many threats. That said, White needs the utmost precision as one mistake will immediately see the game fizzle to sterile equality.} 21...Rce8 $1 {Ne7+ was threatened, and this was the only move not to lose the game immediately.} 22.Bf4 $1 Nc5 23.Ne7+ $1 Kf7 {Now, this is a perfect example of what I was saying. There really is no slightly better option for White in this position with a mostly symmetrical structure. The best move is more or less winning, and the second-best move is just about a draw.} 24.Bxf5 $2 {This lets the opportunity slip. White's route to victory was narrow and incredibly difficult, but it was there.} ( 24.Bf1 $1 {This was the way. It's a very hard move to make, tucking the bishop away passively like this, and there is a lot of hard calculation to do, but White seems to be on top in all lines. This is the level of difficulty you tend to see in what will decide who challenges for a World Championship match.} 24...Nc8 {This is Black's most resilient defense, but it's not great.} ( 24...Rxe7 25.Bxd6 Rxe1 26.Rxe1 Re8 {It looks like Black might be holding on. But...} 27.Rd1 $1 {... A subtle and difficult move to spot from afar, even if it is obvious once the position after 26...Re8 is on the board. Black may as well resign.} ) 25.Bc4+ $1 Be6 26.Rxe6 $1 {A very important move, without which White would not have much. The initiative flows very powerfully.} 26...Nxe6 27.Nhxf5 $1 Kf6 {I suspect Caruana may have seen it this far and then got stuck here, as Black looks okay. But...} 28.Nd5+ $1 {... Black is unable to take on f5 thanks to mate.} 28...Kg6 ( 28...Kxf5 29.Bd3# ) 29.Nxd4 Nxd4 30.Rd1 $16 {Black is in big trouble.} ) 24...Nxf5 $1 ( 24...Bxf5 $2 25.Bxd6 $1 {And White wins.} ) 25.Nhxf5 Bxf5 $1 26.Nxf5 {This position looks so tempting for White from afar. Black is a pawn down, facing massive threats. But somehow he just barely holds together.} 26...Rxe1 $1 27.Rxe1 Nd3 $1 {Black is just in time to hold.} 28.Re4 ( 28.Re7+ Kf6 $1 {Everything is hanging, but it seems like White's pieces are hanging more painfully than Black's are. [Caruana said that during earlier calculations he \"missed one detail\" which is that he thought he could play} 29.Bg5+ {here but at some point he realized the knight is hanging. - PD]} ) ( 28.Nd6+ {This does not help.} 28...Kg8 $11 ) 28...Bxb2 $1 {Black is out of danger. The absolute worst-case scenario I could imagine for him is a 3 vs. 2 endgame on the kingside, which would be unpleasant but still a draw.} 29.Be3 ( 29.Nd6+ Kg8 30.Nxb7 Nxf4+ {Black takes on a3 next and holds.} ) 29...Bxa3 30.Bxa7 Ra8 31.Bd4 Bf8 {The rest of the game was a formality. Caruana came very close to blowing the tournament open, showing excellent preparation, but he did not quite manage to see it all the way through when a very, very difficult chance was given to him. Nepo remains a full point in the lead, and thanks to wins from the struggling Radjabov and Firouzja, it seems Caruana is the only player for him to worry about once again. Surviving this game was a huge deal.} 32.Re2 g6 33.Ne3 Rd8 34.Bb6 Rd6 35.Nc4 Rc6 36.Re4 Bg7 37.f4 Re6 38.Kf3 Ne1+ 39.Ke3 Nc2+ 40.Kf3 Ne1+ 1/2-1/2

[Event "E Candidates Chess Tournament 2022"]
[Site "Chess.com"]
[Date "2022.07.01"]
[Round "12"]
[White "Ding, Liren"]
[Black "Radjabov, Teimour"]
[Result "0-1"]
[WhiteElo "2806"]
[BlackElo "2753"]
[EventDate "2022.??.??"]
[Annotator "samsh"]
[PlyCount "52"]
[Beauty "8251705932832"]
[EventType "schev"]
[EventRounds "4"]
[EventCountry "FID"]

1.d4 Nf6 2.c4 e6 3.Nc3 Bb4 4.e3 O-O 5.Bd3 d5 6.cxd5 exd5 7.a3 {This variation has become a very hot trend as of late, and I have no idea why. Vidit has lost this position three times with the black pieces, but he always seemed better out of the opening in all three games $1 In more recent times, it seems like the variation is one you choose when you want to lose with White to a lower-rated player, and badly—the So-Sevian game comes to mind as well. According to my understanding of chess, it cannot be right to go for a Carlsbad structure with the c1-bishop looked inside the pawn chain.} 7...Bd6 8.Qc2 Na6 {This move has already been tried by Oparin in 2022, and he is generally very well prepared. It looks a bit weird to me and I certainly don't think it is the only way to a comfortable position, but Black should be fine.} ( 8...c6 {This move looks incredibly obvious to me, and no recent games or engine analysis have done anything to convince me that Black does not have the more comfortable side of equality.} ) 9.Nge2 ( 9.Nf3 {In hindsight, this may have been a safer way to develop the knight, though Black is surely fine here as well.} ) ( 9.Bxa6 $2 {Doubling the pawns plays right into Black's hands. The bishop was White's best piece, and he is in no position to make use of Black's weakened queenside structure.} 9...bxa6 {With …Re8 and …Ne4 coming soon, Black has a built-in kingside attack and looks clearly for choice.} ) 9...c5 10.Bxa6 bxa6 11.dxc5 Bxc5 12.b4 ( 12.O-O {In light of the calamity that came later, Ding was well advised to get castled here. It was actually his last moment to do so $1 I presume he did not like that after} 12...a5 $11 {He is unable to push b2-b4 as he did in the game, and Black should be fine here. But White is not going to get crushed and it's just a normal game.} ) 12...Bd6 $1 13.Bb2 {Ding's reluctance to castle into an attack is understandable, but his king will not be any safer in the center.} ( 13.O-O {I suppose White could castle here as well. …Bxh2+ looks very scary but does not quite work.} 13...Bxh2+ ( 13...Re8 {A simple developing move like this one should be preferred. Black can look to sac on h2 in a move or two, and h2-h3 always can be met with some kind of …Bd7, …Qc8, and sac on h3. The machine claims this is equal, but it looks very scary for White to me.} ) 14.Kxh2 Ng4+ 15.Kg3 Qg5 16.f4 Qh5 17.Nd4 $1 {With a bunch of only moves, White beats back the attack and should be much better.} ) 13...a5 14.b5 $6 {This feels way too ambitious.} ( 14.O-O {Even at the cost of a pawn, I think White needed to evacuate. After} 14...axb4 15.axb4 Bxb4 16.Ba3 {White has fair compensation and should not be worse.} ) 14...a6 $1 {Now it truly is too late. White never got another decent moment to castle.} 15.h3 ( 15.O-O Qc7 $1 {Black gains a tempo by hitting h2, and will take the b5-pawn next.} ) 15...Bd7 16.bxa6 Rxa6 17.Rd1 ( 17.O-O Qc8 $1 {There is not a thing White can do about a sac on h3 coming on the next move, and in time, the rook on a6 can even lift to g6 or h6. In human terms, White should be done for here.} ) 17...Rb6 18.Rd2 {I'm not sure what this move was all about—I guess maybe Ding wanted to castle and then be able to move the c3-knight after …Qc8. But it feels way too slow. Still, there were already no good moves $1 It's hard to play an open position with your king in the center and your rook out of play.} ( 18.O-O Qc8 $1 {Again, this would lead to a deadly sacrifice on h3.} ) 18...Qc8 {Apparently …Qb8 was even stronger, but who cares. White cannot castle, ever, and Black should win routinely.} 19.f3 {I guess if White really can't castle, it makes some sense to try to play Kf2, but it's hard to imagine this working. Radjabov did not hesitate with the punishment.} ( 19.O-O {It's very sad that this is White's best chance.} 19...Bxh3 20.Qd3 $1 {By some miracle, Black does not have a direct win here, and is only up a pawn for nothing. Fine, he will win on move 45 instead of 25.} ) 19...Re8 $1 20.Kf2 Qb8 {Black is now threatening to take on e3, and there is more or less nothing White can do about it. Ding allowed the threat to be executed, but other moves would not have saved him.} ( 20...Rxe3 $2 {Black is not ready for this yet.} 21.Kxe3 Bc5+ 22.Nd4 $18 {The winning move in this position is Qe5+. So, Radjabov put the queen on b8 before going for the sac.} ) 21.Qc1 ( 21.Nd1 {This looks like the most resilient defense to me, overprotecting e3 and looking to anchor the bishop on d4. There is no direct breakthrough for Black, but after a simple move like} 21...Nh5 {My computer gives a -3.5 evaluation. Still, this felt like the way to go since Black can't just start taking stuff.} ) 21...Rxe3 $1 {The rook is immune from capture. I can't think of a compelling reason for White to continue this game any further, but Ding played a few more moves.} 22.Nd1 ( 22.Kxe3 Bc5+ 23.Nd4 Qe5+ {White is done for.} ) 22...Re8 {Nice and simple, no need to anything messy. …Rxe2+ worked, but retreating the rook and continuing the devastating attack with extra material is the professional way to go.} 23.Ne3 Rb3 24.Ng4 ( 24.Bd4 Bxa3 $5 {Why not $2 White is getting killed in the center and is also down two pawns for dead nothing.} ) 24...Bxg4 25.hxg4 Rc8 26.Qa1 Bf4 {White had seen enough. The rook on h1 never moved once, and playing an open game with a lot of open lines without five points of material is not a recipe for success. A tough loss for Ding, especially after he really found his form and played very well to score three wins in a row, but I don't think he would have had any serious chance of winning the tournament at this point anyway.} 0-1